[Event "TUR-chT 2nd League"]
[Site "Konya"]
[Date "2022.08.25"]
[Round "6.7"]
[White "Isik, Kadri"]
[Black "Bedir, Bekircan"]
[Result "1-0"]
[WhiteElo "1801"]
[BlackElo "1873"]
[PlyCount "57"]
[EventDate "2022.08.22"]
[EventType "team-swiss"]
[EventRounds "9"]
[EventCountry "TUR"]
[SourceTitle "CBM 210 Extra"]
[Source "ChessBase"]
[SourceDate "2022.11.30"]
[SourceVersion "1"]
[SourceVersionDate "2022.11.30"]
[SourceQuality "1"]
[WhiteTeam "Gaziantep Sader"]
[BlackTeam "Sakarya Satranc"]
[WhiteTeamCountry "TUR"]
[BlackTeamCountry "TUR"]

1. d4 Nf6 2. Nf3 e6 3. g3 d5 4. c4 Be7 5. Bg2 0-0 6. 0-0 b6 7. Nc3 Bb7 8. Ne5 Nbd7 9. Qa4 c6 10. Nxd7 Nxd7 11. e4 dxc4 12. Qxc4 b5 13. Qb3 b4 14. Na4 Qa5 15. Bd2 Ba6 16. Rfc1 Rab8 17. Qc2 Bb5 18. Nc5 Nxc5 19. dxc5 Qa6 20. Bxb4 Bd3 21. Qd2 Rfd8 22. Ba5 Rd4 23. Qe3 e5 24. Bc7 Rc8 25. Bxe5 Rd7 26. Bh3 Rcd8 27. Bxd7 Rxd7 28. Rd1 h6 29. Rac1 1-0

[Event "TUR Cup"]
[Site "Adapazari"]
[Date "2022.04.01"]
[Round "11"]
[White "Ozates, Veysel"]
[Black "Isik, Kadri"]
[Result "0-1"]
[WhiteElo "1645"]
[BlackElo "1858"]
[PlyCount "142"]
[EventDate "2022.03.25"]
[EventType "swiss"]
[EventRounds "11"]
[EventCountry "TUR"]
[SourceTitle "EXT 2023"]
[Source "ChessBase"]
[SourceDate "2022.10.05"]
[SourceVersion "1"]
[SourceVersionDate "2022.10.05"]
[SourceQuality "1"]

1. e4 c5 2. Nf3 d6 3. d4 cxd4 4. Nxd4 Nf6 5. Nc3 a6 6. a4 e5 7. Nf3 Qc7 8. h3 Be7 9. Bg5 Nbd7 10. Bd3 0-0 11. 0-0 h6 12. Bh4 b6 13. Qe2 Bb7 14. Rad1 Rfe8 15. Nd2 Nc5 16. Bxf6 Bxf6 17. Nc4 Ne6 18. Ne3 Nf4 19. Qf3 g6 20. Bc4 Bg7 21. Rd2 Qc5 22. Rfd1 Bf8 23. Ncd5 Bxd5 24. Bxd5 Ra7 25. Bb3 Kg7 26. Kh2 b5 27. axb5 axb5 28. g3 Ne6 29. c3 b4 30. Nd5 bxc3 31. Qf6+ Kh7 32. bxc3 Ng5 33. Qxg5 hxg5 34. Nf6+ Kh6 35. Nxe8 Qxc3 36. Rd3 Qb2 37. R1d2 Qb1 38. Rd1 Qb2 39. R1d2 Qc1 40. Nxd6 Bxd6 41. Rxd6 Qe1 42. f3 Ra1 43. Bd1 Ra3 44. Kg2 Kg7 45. Rd7 Qe3 46. R7d6 Rc3 47. Rd7 Rc4 48. R7d3 Qb6 49. Rd6 Qb4 50. Kf2 Rd4 51. R6xd4 exd4 52. Rd3 Qb2+ 53. Be2 Kf6 54. f4 gxf4 55. gxf4 Ke6 56. Rd1 Kf6 57. Rd3 Qc1 58. Bf1 Ke6 59. Rf3 Qd2+ 60. Be2 f6 61. Kf1 Kd6 62. Kf2 Ke7 63. Kf1 Kf7 64. Kf2 d3 65. Rxd3 Qxf4+ 66. Bf3 Kg7 67. Rd7+ Kh6 68. Rd8 f5 69. Rh8+ Kg7 70. Re8 Kf7 71. Rh8 fxe4 0-1

[Event "TUR-chT 2nd League"]
[Site "Konya"]
[Date "2019.07.25"]
[Round "6.9"]
[White "Koc, Serkan"]
[Black "Isik, Kadri"]
[Result "0-1"]
[WhiteElo "1589"]
[BlackElo "1833"]
[PlyCount "52"]
[EventDate "2019.07.22"]
[EventType "team-swiss"]
[EventRounds "9"]
[EventCountry "TUR"]
[SourceTitle "CBM 191 Extra"]
[Source "ChessBase"]
[SourceDate "2019.09.30"]
[SourceVersion "1"]
[SourceVersionDate "2019.09.30"]
[SourceQuality "1"]
[WhiteTeam "Samsun Gercek"]
[BlackTeam "Gaziantep Sader"]
[WhiteTeamCountry "TUR"]
[BlackTeamCountry "TUR"]

1. e4 c5 2. Nf3 d6 3. d4 cxd4 4. Nxd4 Nf6 5. Nc3 a6 6. Bg5 e6 7. a4 Nc6 8. Nb3 Be7 9. a5 0-0 10. Be3 d5 11. Bb6 Qe8 12. Bd3 Bb4 13. f3 Nd7 14. Be3 f5 15. exd5 exd5 16. Kf2 f4 17. Bd4 Nxd4 18. Re1 Ne6 19. Qe2 Nf6 20. Qe5 Qh5 21. Kg1 Qxe5 22. Rxe5 Bd6 23. Re2 Nc5 24. Nxd5 Nxd3 25. Nxf6+ Rxf6 26. cxd3 Be6 0-1

[Event "TUR Cup"]
[Site "Antalya"]
[Date "2019.02.03"]
[Round "11"]
[White "Cilek, Bora"]
[Black "Isik, Kadri"]
[Result "0-1"]
[WhiteElo "1907"]
[BlackElo "1820"]
[PlyCount "65"]
[EventDate "2019.01.27"]
[EventType "swiss"]
[EventRounds "11"]
[EventCountry "TUR"]
[SourceTitle "CBM 188 Extra"]
[Source "ChessBase"]
[SourceDate "2019.02.26"]
[SourceVersion "1"]
[SourceVersionDate "2019.02.26"]
[SourceQuality "1"]

1. d4 Nf6 2. Bf4 c5 3. e3 Qb6 4. Nc3 cxd4 5. exd4 a6 6. a3 d6 7. Bd3 Nbd7 8. Nge2 e6 9. 0-0 Be7 10. h3 0-0 11. Be3 Qc7 12. d5 Nb6 13. dxe6 fxe6 14. Nf4 Nc4 15. Bxc4 Qxc4 16. Re1 Bd7 17. Qd3 Qc6 18. Rad1 Rae8 19. Bc1 d5 20. Re2 Bd6 21. Ree1 Kh8 22. Nfe2 Qc7 23. Bg5 Bc5 24. Bh4 Bc8 25. Bg3 Qf7 26. Nd4 Nh5 27. Rd2 Nxg3 28. Qxg3 Qf6 29. Nf3 Bxa3 30. Nxd5 Qxb2 31. c4 Qb3 32. Nc7 Re7 33. Re3 0-1

[Event "TUR Cup"]
[Site "Antalya"]
[Date "2019.01.31"]
[Round "7"]
[White "Dogan, Ugur"]
[Black "Isik, Kadri"]
[Result "0-1"]
[WhiteElo "1670"]
[BlackElo "1820"]
[PlyCount "68"]
[EventDate "2019.01.27"]
[EventType "swiss"]
[EventRounds "11"]
[EventCountry "TUR"]
[SourceTitle "CBM 188 Extra"]
[Source "ChessBase"]
[SourceDate "2019.02.26"]
[SourceVersion "1"]
[SourceVersionDate "2019.02.26"]
[SourceQuality "1"]

1. e4 c5 2. Nc3 Nc6 3. g3 g6 4. Bg2 Bg7 5. d3 e6 6. Nge2 Nge7 7. 0-0 0-0 8. Bf4 d5 9. Kh1 d4 10. Nb1 e5 11. Bg5 f6 12. Bc1 Be6 13. b3 b5 14. a4 a6 15. h3 c4 16. axb5 axb5 17. Rxa8 Qxa8 18. bxc4 bxc4 19. f4 Qa2 20. Ba3 Rb8 21. Bxe7 Nxe7 22. fxe5 fxe5 23. Bf3 Bxh3 24. Re1 Be6 25. dxc4 Rb2 26. Nbc3 Qxc4 27. Nd5 Nxd5 28. exd5 Bxd5 29. Bxd5+ Qxd5+ 30. Kg1 Bh6 31. Nc3 Qc4 32. Ne4 Qxc2 33. Qf3 Be3+ 34. Rxe3 Rb1+ 0-1

[Event "TUR-chT 2nd League"]
[Site "Konya"]
[Date "2017.07.20"]
[Round "5.7"]
[White "Yilmaz, Cumhur"]
[Black "Isik, Kadri"]
[Result "1-0"]
[WhiteElo "1675"]
[BlackElo "1746"]
[PlyCount "77"]
[EventDate "2017.07.17"]
[EventType "team-swiss"]
[EventRounds "9"]
[EventCountry "TUR"]
[SourceTitle "CBM 179 Extra"]
[Source "ChessBase"]
[SourceDate "2017.08.23"]
[SourceVersion "1"]
[SourceVersionDate "2017.08.23"]
[SourceQuality "1"]
[WhiteTeam "Altin Hamle Corum"]
[BlackTeam "Gaziantep Sader"]
[WhiteTeamCountry "TUR"]
[BlackTeamCountry "TUR"]

1. d4 Nf6 2. Nf3 e6 3. Bg5 d5 4. e3 c5 5. c3 Nc6 6. Bd3 h6 7. Bh4 Bd6 8. Nbd2 e5 9. dxe5 Nxe5 10. Nxe5 Bxe5 11. Nf3 Bg4 12. Bb5+ Kf8 13. Be2 Bxf3 14. Bxf3 g5 15. Bg3 Bxg3 16. hxg3 Qe7 17. Qa4 Kg7 18. 0-0-0 Rhd8 19. Rd2 Rab8 20. Rhd1 Qe5 21. Qxa7 Ra8 22. Qxc5 Rxa2 23. Kb1 Rda8 24. Qd4 Qf5+ 25. Qd3 Ne4 26. Bxe4 dxe4 27. Qd5 Ra1+ 28. Kc2 Qg6 29. Rxa1 Rxa1 30. Rd1 Ra8 31. Qxb7 Re8 32. Qb5 Re6 33. Qc5 g4 34. Rd8 Qf6 35. Qf8+ Kg6 36. Qg8+ Kf5 37. Rd5+ Re5 38. Rxe5+ Kxe5 39. Qb8+ 1-0

[Event "TUR Cup"]
[Site "Antalya"]
[Date "2017.02.02"]
[Round "9"]
[White "Karakurt, Fahri"]
[Black "Isik, Kadri"]
[Result "1-0"]
[WhiteElo "1856"]
[BlackElo "1731"]
[PlyCount "71"]
[EventDate "2017.01.28"]
[EventType "swiss"]
[EventRounds "11"]
[EventCountry "TUR"]
[SourceTitle "CBM 176 Extra"]
[Source "ChessBase"]
[SourceDate "2017.03.02"]
[SourceVersion "1"]
[SourceVersionDate "2017.03.02"]
[SourceQuality "1"]

1. d4 d5 2. c4 c6 3. Nf3 Nf6 4. e3 Nbd7 5. Nc3 e6 6. Qc2 a6 7. b3 Bd6 8. Bd3 0-0 9. 0-0 dxc4 10. bxc4 e5 11. h3 h6 12. Bb2 Re8 13. Rad1 Qe7 14. Nd2 Bc7 15. a4 Nf8 16. d5 Rd8 17. Nde4 Nxe4 18. Bxe4 c5 19. f4 exf4 20. exf4 Qh4 21. Rf3 Bxf4 22. Rdf1 Be5 23. Rxf7 Bxh3 24. gxh3 Qxh3 25. Nd1 Qh5 26. Qg2 Bxb2 27. Qxb2 Qxf7 28. Rxf7 Kxf7 29. Qxb7+ Kg8 30. d6 Rab8 31. Qd5+ Kh8 32. Bf5 Nd7 33. Bxd7 Rxd7 34. Nc3 Rf8 35. Ne4 Rf4 36. Kg2 1-0

[Event "TUR Cup"]
[Site "Antalya"]
[Date "2017.01.30"]
[Round "4"]
[White "Isik, Kadri"]
[Black "Pektas, Yigit"]
[Result "0-1"]
[WhiteElo "1731"]
[BlackElo "1933"]
[PlyCount "136"]
[EventDate "2017.01.28"]
[EventType "swiss"]
[EventRounds "11"]
[EventCountry "TUR"]
[SourceTitle "CBM 176 Extra"]
[Source "ChessBase"]
[SourceDate "2017.03.02"]
[SourceVersion "1"]
[SourceVersionDate "2017.03.02"]
[SourceQuality "1"]

1. e4 Nf6 2. e5 Nd5 3. c4 Nb6 4. d4 d6 5. f4 dxe5 6. fxe5 Nc6 7. Be3 Bf5 8. Nc3 e6 9. Nf3 Be7 10. Be2 0-0 11. 0-0 f6 12. exf6 Bxf6 13. Qd2 Qd7 14. Rad1 Rad8 15. Qc1 Qe7 16. Bf2 Bg4 17. c5 Nd5 18. Nxd5 exd5 19. Rfe1 Qd7 20. Qc3 Rde8 21. b4 a6 22. a4 Ne7 23. b5 axb5 24. axb5 c6 25. b6 Ng6 26. Bg3 Re4 27. Bf1 Rfe8 28. h3 Bh5 29. Kh2 Nh4 30. Bf2 Qf5 31. Bxh4 Bxh4 32. Nxh4 Qf4+ 33. g3 Qf2+ 34. Ng2 Bxd1 35. Rxd1 Re3 36. Qd2 Qxg3+ 37. Kg1 Rf3 38. Re1 Ref8 39. Qe2 Rf2 40. Qe3 R2f3 41. Qe6+ Kh8 42. Qg4 Qf2+ 43. Kh2 g6 44. Be2 R3f4 45. Qg3 Rxd4 46. Qe5+ Qf6 47. Qxf6+ Rxf6 48. Kg3 Kg7 49. Ne3 Ra4 50. Bg4 Ra3 51. Kg2 Rc3 52. Bc8 Rf7 53. Rf1 Re7 54. Ng4 Rxc5 55. Nf6 Re2+ 56. Kg3 Re3+ 57. Kh4 Rc4+ 58. Ng4 h6 59. Rh1 Rb3 60. Bxb7 Rxb6 61. Bc8 Rb3 62. Ba6 Re4 63. Bf1 h5 64. Bg2 Reb4 65. Rc1 hxg4 66. hxg4 Rc4 67. Ra1 Kh6 68. Rf1 g5# 0-1